Statistiken für 5 zufällige Länder auf der Weltkarte in 15 Sekunden

Klicken Sie hier um das Quiz zu spielen!

Allgemein

  • Dieses Quiz wurde 2.060 mal gespielt
  • Das Durchschnittsergebnis liegt bei 4 aus 5

Antworten auf der Karte

Die Antworten werden auf der Karte rot bzw. grün angezeigt, abhängig davon wie oft sie richtig erraten wurden.
 

Antwortstatistiken

Land% Korrekt
Afghanistan
100%
Ägypten
100%
Albanien
100%
Argentinien
100%
Äthiopien
100%
Australien
100%
Bahamas
100%
Belarus
100%
Belgien
100%
Bhutan
100%
Bosnien und Herzegowina
100%
Brasilien
100%
Chile
100%
China
100%
Côte d'Ivoire
100%
Dänemark
100%
Dem Rep Kongo
100%
Deutschland
100%
Dominikanische Republik
100%
Dschibuti
100%
Ecuador
100%
Estland
100%
Frankreich
100%
Indien
100%
Irland
100%
Island
100%
Italien
100%
Japan
100%
Jemen
100%
Kanada
100%
Kasachstan
100%
Katar
100%
Kroatien
100%
Liberia
100%
Litauen
100%
Madagaskar
100%
Malaysia
100%
Marokko
100%
Mexiko
100%
Mikronesien
100%
Moldawien
100%
Mongolei
100%
Namibia
100%
Nepal
100%
Niederlande
100%
Norwegen
100%
Oman
100%
Peru
100%
Polen
100%
Portugal
100%
Rumänien
100%
Russland
100%
Spanien
100%
Südsudan
100%
Suriname
100%
Taiwan
100%
Thailand
100%
Tunesien
100%
Türkei
100%
Vanuatu
100%
Vatikanstadt
100%
Venezuela
100%
Vereinigtes Königreich
100%
Vereinigte Staaten
100%
Vietnam
100%
Ukraine
92%
Griechenland
89%
Finnland
86%
Iran
86%
Kiribati
86%
Kuba
86%
Nordkorea
86%
Sri Lanka
86%
Tschechien
86%
Uruguay
86%
Usbekistan
86%
Armenien
83%
Honduras
83%
Kolumbien
83%
Lesotho
82%
Lettland
80%
Libyen
80%
Malta
80%
Mosambik
80%
Nauru
80%
Österreich
80%
Paraguay
80%
Saudi-Arabien
80%
Bangladesch
75%
Belize
75%
Indonesien
75%
Kirgisistan
75%
Panama
75%
Seychellen
75%
Südafrika
75%
Tansania
75%
Kuwait
71%
Malediven
71%
Mauretanien
71%
Neuseeland
71%
Palau
71%
Senegal
71%
Sudan
71%
Kambodscha
70%
Algerien
67%
Bolivien
67%
Botswana
67%
Costa Rica
67%
Guinea
67%
Guyana
67%
Irak
67%
Laos
67%
Nigeria
67%
Sambia
67%
Schweiz
67%
Südkorea
67%
Togo
67%
Tschad
67%
Uganda
67%
Vereinigte Arabische Emirate
64%
Brunei
63%
Guatemala
63%
Jamaika
63%
Ghana
60%
Haiti
60%
Myanmar
60%
Serbien
60%
Sierra Leone
60%
Somalia
60%
Syrien
60%
Ungarn
60%
Kamerun
58%
Slowakei
58%
Cabo Verde
57%
Jordanien
57%
Malawi
57%
Zentralafrikanische Republik
57%
San Marino
56%
Andorra
50%
Angola
50%
Aserbaidschan
50%
Bulgarien
50%
El Salvador
50%
Eritrea
50%
Gambia
50%
Georgien
50%
Israel
50%
Luxemburg
50%
Marshallinseln
50%
Mauritius
50%
Montenegro
50%
Niger
50%
Nordmazedonien
50%
Pakistan
50%
Philippinen
50%
Salomonen
50%
Schweden
50%
Singapur
50%
Turkmenistan
50%
Äquatorial-Guinea
43%
Kenia
43%
Eswatini
40%
Kosovo
40%
Slowenien
40%
Trinidad und Tobago
40%
Zypern
40%
Guinea-Bissau
38%
Burkina Faso
33%
Fidschi
33%
Gabun
33%
Kongo
33%
Libanon
33%
Monaco
33%
Papua-Neuguinea
33%
Ruanda
33%
Antigua und Barbuda
25%
Burundi
25%
Dominica
25%
Liechtenstein
25%
Tuvalu
25%
Mali
20%
Tadschikistan
20%
Komoren
17%
Nicaragua
17%
Bahrain
0%
Barbados
0%
Benin
0%
Grenada
0%
Samoa
0%
São Tomé und Príncipe
0%
Simbabwe
0%
St. Kitts und Nevis
0%
St. Lucia
0%
St. Vincent und die Grenadinen
0%
Timor-Leste
0%
Tonga
0%

Verteilung der Resultate

Perzentil nach korrekt beantworteten Fragen

Anzahl Personen mit jedem Resultat

Ihre Resultats-Entwicklung

Sie haben dieses Quiz noch nicht gespielt